[Event "Vlissingen HZ op 10th"]
[Site "Vlissingen"]
[Date "2006.08.07"]
[Round "4"]
[White "Roeder, Mathias"]
[Black "Van Zutphen, Jimmy"]
[Result "1-0"]
[WhiteElo "2423"]
[BlackElo "2194"]
[PlyCount "81"]
[EventDate "2006.08.05"]
[EventType "swiss"]
[EventRounds "9"]
[EventCountry "NED"]
[SourceTitle "CBM 113 Extra"]
[Source "ChessBase"]
[SourceDate "2006.09.14"]
[SourceVersion "1"]
[SourceVersionDate "2006.09.14"]
[SourceQuality "1"]

1. Nf3 Nf6 2. c4 g6 3. Nc3 d5 4. cxd5 Nxd5 5. Qa4+ c6 6. Nxd5 Qxd5 7. e4 Qd8 8. d4 Bg7 9. Be3 0-0 10. Rd1 Nd7 11. Be2 Qc7 12. 0-0 e5 13. d5 cxd5 14. exd5 Nb6 15. Qb4 Bf5 16. Rd2 Rfd8 17. Rfd1 Rac8 18. a4 Qd6 19. Qh4 Nd7 20. a5 Nc5 21. Ng5 h6 22. Ne6 g5 23. Qh5 Bg6 24. Qg4 fxe6 25. dxe6 Nd3 26. Bxd3 Bxd3 27. Rxd3 Qe7 28. Bc5 Qe8 29. Rxd8 Rxd8 30. Rxd8 Qxd8 31. e7 Qe8 32. Qe6+ Kh7 33. h4 gxh4 34. Kh2 a6 35. b4 h3 36. g4 Kh8 37. Kxh3 Kh7 38. f3 Kh8 39. Kh4 Kh7 40. Be3 h5 41. g5 1-0